[Event "World Team-ch Women 2017"]
[Site "Khanty-Mansyisk"]
[Date "2017.06.26"]
[Round "9"]
[White "Pham, Le Thao Nguyen"]
[Black "Socko, Monika"]
[Result "1-0"]
[WhiteElo "2344"]
[BlackElo "2485"]
[Annotator "TA"]
[PlyCount "113"]
[EventDate "2017.??.??"]
[EventType "team-tourn"]
[EventCountry "RUS"]
[SourceTitle "playchess.com"]
[Source "ChessBase"]
[SourceQuality "1"]
[WhiteTeam "VIE"]
[BlackTeam "POL"]
[WhiteTeamCountry "VIE"]
[BlackTeamCountry "POL"]

{[%evp 11,113,-10,0,0,8,0,10,8,31,25,19,22,27,16,25,22,14,17,24,19,27,28,35,24,36,18,46,22,100,60,74,73,108,104,101,76,71,72,76,59,92,97,93,89,99,94,100,93,103,62,85,62,112,102,109,101,89,64,62,15,18,42,69,64,189,174,241,222,326,345,334,331,334,331,282,185,308,301,412,386,1189,1169,947,211,204,204,204,200,873,839,902,895,895,872,900,887,1273,1152,1982,1904,1799,1619,29982,29983]} 1. d4 Nf6 2. Nf3 g6 3. Bf4 Bg7 4. e3 d6 5. Be2 O-O 6. O-O Nc6 {LiveBook: 26 Games. A48: 1 d4 Nf6 2 Nf3 g6: Torre, London and Colle Systems} (6... Nbd7 7. h3 Qe8 8. Bh2 e5 9. Na3 exd4 10. exd4 Qd8 11. c4 Re8 12. Bd3 Nf8 13. Nb5 Bd7 14. Nc3 Qc8 15. Nd5 Ne6 16. Qd2 {1-0 (69) Naiditsch,A (2684)-Gupta,A (2626) Douglas 2016}) 7. Nc3 Re8 8. h3 Bf5 {The position is equal.} 9. d5 $146 ({Predecessor:} 9. Bb5 a6 10. Bc4 b5 11. Bd3 e5 12. e4 Nxe4 13. Bxe4 Bxe4 14. dxe5 Bxf3 15. Qxf3 Nxe5 {0-1 (41) Mpya,T (1941)-Jurgensen,G (2023) Johannesburg 2016}) 9... Nb4 10. a3 Na6 $1 11. Nd4 Bd7 12. Bf3 (12. Bxa6 $5 bxa6 13. Bg5 $11) 12... Nc5 13. b4 Na4 14. Nxa4 Bxa4 15. Qd2 Nd7 16. c4 $36 {[%mdl 2048] White is pushing.} Ne5 17. Be2 c5 18. Nb5 Qc8 19. Rfc1 h6 (19... Bxb5 $11 {keeps the balance.} 20. cxb5 c4) 20. Rab1 b6 21. Bg3 f5 22. bxc5 bxc5 23. Bxe5 Bxe5 24. Qa5 Bxb5 25. Rxb5 Rd8 26. Rcb1 Rd7 27. a4 {[%cal Ba3a4,Ba4a5][%mdl 32]} Kg7 28. Qd2 Qf8 29. a5 f4 30. Bg4 Rdd8 31. Rb7 Qf6 32. exf4 Bxf4 33. Qe2 Be5 34. a6 Rf8 35. g3 h5 36. Be6 h4 37. Kg2 hxg3 (37... Bd4 $14 38. Rf1 hxg3) 38. fxg3 $18 Qg5 {[#]} (38... Kh8 {is a better defense.} 39. Bg4 Rf7) 39. Bg4 $1 Rf7 {[#]} (39... Bf6 {was necessary.} 40. Rd7 Kh8) 40. h4 $1 {[%cal Rh4g5]} Qf6 41. Be6 Rff8 42. Rc7 Bd4 43. Rbb7 Rae8 (43... Qf2+ $142 44. Qxf2 Rxf2+ 45. Kh3 Bf6) 44. Rxa7 g5 45. Bg4 {[%cal Rc7e7]} gxh4 $2 (45... Qf2+ 46. Kh3 Qxe2 47. Bxe2 gxh4) 46. Rxe7+ Rxe7 47. Qxe7+ $2 (47. Rxe7+ Kh8 48. a7) 47... Qxe7 48. Rxe7+ {[%mdl 4096] Endgame KRB-KRB} Kf6 49. Rc7 Ra8 $2 (49... Kg5 50. Bd1 Rf2+ 51. Kh3 hxg3 52. Kxg3 Ra2) 50. a7 Bc3 51. gxh4 Ke5 52. Bd7 Ba5 53. Rb7 Rg8+ 54. Kf3 Rf8+ 55. Ke2 Ra8 56. Bc6 {Hoping for Re7+.} Bb6 57. Re7+ {Precision: White = 66%, Black = 24%.} 1-0

[Event "World Team-ch Women 2017"]
[Site "Khanty-Mansyisk"]
[Date "2017.06.26"]
[Round "9"]
[White "Fataliyeva, Ulviyya"]
[Black "Padmini, Rout"]
[Result "0-1"]
[WhiteElo "2341"]
[BlackElo "2375"]
[Annotator "TA"]
[PlyCount "90"]
[EventDate "2017.??.??"]
[EventType "team-tourn"]
[EventCountry "RUS"]
[SourceTitle "playchess.com"]
[Source "ChessBase"]
[SourceQuality "1"]
[WhiteTeam "AZE"]
[BlackTeam "IND"]
[WhiteTeamCountry "AZE"]
[BlackTeamCountry "IND"]

{[%evp 20,90,24,5,0,-17,-7,-58,-7,-34,-6,-75,34,43,45,0,0,-31,25,-10,31,-27,-27,-40,-12,-20,-16,-67,-23,-70,-75,-127,-121,-95,-110,-99,-91,-93,-125,-162,-169,-161,0,-220,-222,-188,-208,-248,-239,-315,-322,-480,-467,-631,-614,-735,-516,-520,-520,-564,-510,-649,-626,-822,-760,-733,-646,-646,-646,-1329,-646,-632,-630]} 1. e4 e5 2. Nf3 Nc6 3. d4 exd4 4. Nxd4 Nf6 {[%cal Bg8f6,Bf6d5,Bd5b6][%mdl 32]} 5. Nxc6 bxc6 6. e5 Qe7 7. Qe2 Nd5 8. c4 Nb6 9. Nd2 Qe6 10. b3 Bb4 11. Bb2 O-O {C45: Scotch Game} 12. O-O-O Qe7 13. Qe3 $146 (13. Kb1 $11) ({Predecessor:} 13. Ne4 Re8 14. Qc2 d5 15. cxd5 cxd5 16. Nc3 Bxc3 17. Bxc3 c5 18. Bd3 g6 19. f4 {1-0 (71) Yu,Y (2724)-Bruzon Batista,L (2691) Tsaghkadzor 2015}) 13... Ba3 ({Better is} 13... d5 $15) 14. Bd3 a5 15. Qe4 (15. Qd4 $11 {keeps the balance.}) 15... g6 (15... f5 $17 16. Qd4 (16. exf6 Bxb2+ 17. Kxb2 Qxf6+ 18. Kb1 g6 $11) 16... Bc5) 16. Qd4 $1 $14 Bxb2+ 17. Kxb2 c5 18. Qc3 Rb8 (18... Bb7 $15) 19. Kc2 ({Much worse is} 19. Qxa5 Qxe5+ 20. Kb1 Bb7 $17) 19... Bb7 20. h4 (20. Qxa5 Ra8 $17) (20. Rhe1 $14) 20... Bxg2 $11 21. Rhg1 Bc6 $36 {[%mdl 2048] Black is pushing.} 22. h5 Qh4 23. hxg6 (23. Rde1 $11) 23... fxg6 $15 {Black wants to play ...Rbe8.} 24. Bxg6 hxg6 25. Qd3 ({White should play} 25. Rxg6+ Kf7 26. Qd3) 25... Kf7 $17 {[%cal Bg8f7,Bf7e7,Be7e8,Be8d8,Bd8c8,Bc8b7][%mdl 32]} 26. Qxg6+ Ke7 27. Rg4 {[#]} Qh8 $1 {Hoping for ...Rg8.} (27... Qxf2 $2 28. Rf1 $18) 28. Qg5+ Ke8 29. Rdg1 Qh7+ ({Stronger than} 29... Rxf2 30. Qg6+ Ke7 31. Qg5+ Ke8 32. Qg6+ Ke7 33. Qg5+ Ke8 $11) 30. Kc1 Qe7 $2 ({But not} 30... Rxf2 $2 31. Rh4 $18) (30... a4 $19 {And now ...Ra8 would win.} 31. Rh4 Qe7) 31. Qh5+ $2 (31. Qh6 $1 $11 {and White has nothing to worry.} Qf7 32. e6 dxe6 33. Rg6) 31... Kd8 $19 32. Rg7 Qe8 33. Qg5+ Kc8 34. Re7 Qd8 35. Qg7 (35. f3 $142) 35... Kb7 {Black is clearly winning.} 36. Rg6 Rxf2 37. Rf6 Rxf6 38. exf6 Qh8 39. Qg5 Rf8 40. Rg7 Qh1+ 41. Kb2 Qe1 {[#] ...Rxf6! is the strong threat.} 42. Re7 Qf2 43. Kc2 Rxf6 {Threatens to win with ...Rf3.} 44. Re8 Qf5+ 45. Qxf5 Rxf5 {Precision: White = 23%, Black = 61%.} 0-1

[Event "World Team-ch Women 2017"]
[Site "Khanty-Mansyisk"]
[Date "2017.06.26"]
[Round "9"]
[White "Nemcova, Katerina"]
[Black "Khotenashvili, Bela"]
[Result "1/2-1/2"]
[WhiteElo "2313"]
[BlackElo "2452"]
[Annotator "TA"]
[PlyCount "129"]
[EventDate "2017.??.??"]
[EventType "team-tourn"]
[EventCountry "RUS"]
[SourceTitle "playchess.com"]
[Source "ChessBase"]
[SourceQuality "1"]
[WhiteTeam "USA"]
[BlackTeam "GEO"]
[WhiteTeamCountry "USA"]
[BlackTeamCountry "GEO"]

{[%evp 17,129,0,30,15,26,-20,-16,-14,-21,-106,-67,-98,-94,-66,0,0,0,1,27,27,22,31,60,0,24,9,61,56,82,72,66,72,175,174,158,169,179,181,177,166,171,151,193,162,183,168,181,172,179,177,208,144,224,216,235,228,215,213,302,306,296,286,275,222,266,237,244,237,234,233,234,238,263,245,287,229,259,237,228,215,237,237,229,229,267,267,317,317,316,317,316,314,312,312,395,312,303,0,364,0,304,257,241,230,310,281,281,239,238,235,232,123,398,142]} 1. d4 Nf6 2. Bf4 d5 3. e3 e6 4. Nf3 Bd6 5. Bg3 O-O 6. Nbd2 c5 7. c3 Nc6 8. Bb5 {D02: 1 d4 d5 2 Nf3 sidelines, including 2...Nf6 3 g3 and 2...Nf6 3 Bf4} Ne7 (8... Bxg3 9. hxg3 Qb6 10. a4 a6 11. Bxc6 bxc6 12. Qc2 Rb8 13. Rb1 cxd4 14. cxd4 a5 15. Ne5 h6 {1-0 (40) So,W (2812)-Karjakin,S (2781) Stavanger 2017}) 9. Bd3 Ng6 {LiveBook: 5 Games} (9... c4 $5 {[%cal Rc4d3]} 10. Bc2 b5 $11) 10. Ne5 {White has an edge.} (10. Bxg6 $5 hxg6 11. Bxd6 Qxd6 12. O-O $11) 10... Qc7 {[%cal Rg6e5]} 11. f4 (11. Bxg6 $5 hxg6 12. O-O $11) 11... b5 $146 ({Predecessor:} 11... c4 12. Bc2 b5 13. a3 Bb7 14. Qf3 a5 15. Bf2 Nd7 {1-0 (48) Shimanov,A (2631)-Studen,D (2223) Atlanta 2016}) 12. Bxb5 Rb8 13. Qe2 (13. a4 $11) 13... a6 14. Ba4 cxd4 15. cxd4 Rxb2 (15... Qa5 $15 16. b3 Ne4) 16. Nd3 $11 Rb8 {[#] Threatens to win with ...Qa5.} 17. O-O Qa5 18. Bc2 Bd7 19. a4 Rfc8 20. Rfc1 (20. Nb3 $14 Qb6 21. Nbc5) 20... Qd8 21. Nc5 a5 ({Black should try} 21... Bxc5 $11 22. dxc5 Rxc5) 22. Ndb3 $1 $14 Bc6 23. Be1 Ra8 24. Bd3 Ne7 (24... Bxc5 $16 {is a better defense.} 25. Rxc5 Qe8) 25. Ba6 $18 Rcb8 26. Nxa5 Bxc5 27. Nxc6 ({But not} 27. dxc5 $6 Be8 $14) ({Don't take} 27. Rxc5 $6 Bd7 $16) 27... Nxc6 28. Rxc5 Ne7 29. Rac1 Ra7 30. Ba5 Qf8 31. Bc7 Rba8 32. Bb5 Ne4 33. R5c2 h6 34. Bb6 Rb7 (34... Rxa4 $16 35. Bxa4 Rxa4) 35. a5 Nd6 36. Ba6 Rd7 37. h3 Nc4 (37... g6 {might work better.} 38. Bb5 Nxb5) 38. Bxc4 dxc4 39. Rxc4 Nd5 40. Qd3 g6 41. Rc5 Rb7 42. Rb5 Qd6 43. Rcb1 Qc6 44. R5b3 h5 45. e4 Nxf4 46. Qe3 e5 47. dxe5 Ne6 48. h4 Rd7 49. Rc1 Qa4 50. Rd3 Rxd3 51. Qxd3 Nf4 52. Qf3 Ne6 53. Rf1 Qd7 54. Qd1 Qe7 55. Qd5 Rb8 56. Qd6 Qb7 57. Qd5 Qe7 $1 58. Qd6 Qb7 59. Rc1 Rf8 60. Qc6 Qa6 61. Qc4 Qb7 62. Be3 Ra8 63. Qd5 Qa6 64. Kf2 (64. Ra1 $18) 64... Rd8 $2 {[%mdl 8192] [#]} (64... Rb8 $16 {was necessary.}) 65. Qa2 $2 {Precision: White = 61%, Black = 39%.} (65. Rc6 $18 Qb7 66. Rd6 Qb2+ 67. Qd2 Qxd2+ 68. Bxd2) 1/2-1/2

[Event "World Team-ch Women 2017"]
[Site "Khanty-Mansyisk"]
[Date "2017.06.26"]
[Round "9"]
[White "Nguyen, Thi Mai Hung"]
[Black "Kulon, Klaudia"]
[Result "0-1"]
[WhiteElo "2301"]
[BlackElo "2381"]
[Annotator "RC"]
[PlyCount "80"]
[EventDate "2017.??.??"]
[EventType "team-tourn"]
[EventCountry "RUS"]
[SourceTitle "playchess.com"]
[Source "ChessBase"]
[SourceQuality "1"]
[WhiteTeam "VIE"]
[BlackTeam "POL"]
[WhiteTeamCountry "VIE"]
[BlackTeamCountry "POL"]
[TimeControl "40/5400+30:1800+30"]

1. d4 {[%emt 0:00:00]} g6 {[%emt 0:00:06]} 2. Nf3 {[%emt 0:00:00]} Nf6 {[%emt 0:00:06]} 3. g3 {[%emt 0:00:08]} Bg7 {[%emt 0:00:05]} 4. Bg2 {[%emt 0:00:04]} O-O {[%emt 0:00:05]} 5. O-O {[%emt 0:00:05]} d6 {[%emt 0:00:02]} 6. a4 {[%emt 0:00:06]} Na6 {[%emt 0:00:10]} 7. Re1 {[%emt 0:00:42]} c5 {[%emt 0:00:05]} 8. d5 {[%emt 0:00:05]} Nc7 {[%emt 0:02:46]} 9. e4 {[%emt 0:01:20]} b6 {[%emt 0:00:45]} 10. Nc3 {[%emt 0:02:55]} Bb7 {[%emt 0:01:50]} 11. Be3 {[%emt 0:06:50]} a6 {[%emt 0:02:22]} 12. Qd2 {[%emt 0:02:00]} Re8 {[%emt 0:03:16]} 13. Bh6 {[%emt 0:01:01]} Bh8 {[%emt 0:01:04]} 14. h3 {[%emt 0:01:27]} b5 {[%emt 0:05:18]} 15. Nh4 {[%emt 0:07:26]} b4 {[%emt 0:04:33]} 16. Nd1 {[%emt 0:01:55]} e6 {[%emt 0:00:36]} 17. dxe6 {[%emt 0:09:41]} Nxe6 {[%emt 0:01:32]} 18. f4 {[%emt 0:14:38]} Nd4 {[%emt 0:01:48]} 19. Nf2 {[%emt 0:01:11]} b3 {[%emt 0:09:44]} 20. Re3 {[%emt 0:07:54]} bxc2 {[%emt 0:01:42]} 21. Rae1 {[%emt 0:04:36]} Qb6 {[%emt 0:02:12]} 22. b3 {[%emt 0:08:04]} Rac8 {[%emt 0:02:28]} 23. Nf3 {[%emt 0:01:53]} d5 {[%emt 0:02:53]} 24. e5 {[%emt 0:11:43]} Ne4 {[%emt 0:00:25]} 25. Nxe4 {[%emt 0:00:39]} dxe4 {[%emt 0:00:03]} 26. Nh4 {[%emt 0:00:37]} c4 {[%emt 0:02:10]} 27. b4 {[%emt 0:02:21]} c3 {[%emt 0:02:21]} 28. Qf2 {[%emt 0:00:18]} Qxb4 {[%emt 0:01:21]} 29. Bxe4 {[%emt 0:03:25]} Bxe4 {[%emt 0:00:32]} 30. Rxe4 {[%emt 0:00:07]} Qb1 {[%emt 0:01:25]} 31. f5 {[%emt 0:02:34]} Rxe5 {[%emt 0:01:25]} 32. Rxe5 {[%emt 0:02:08]} Bxe5 {[%emt 0:00:02]} 33. Kh2 {[%emt 0:00:39]} Bg7 {[%emt 0:01:50]} 34. Bc1 {[%emt 0:04:32]} Nb3 {[%emt 0:01:31]} 35. Qf1 {[%emt 0:01:53]} Nxc1 {[%emt 0:01:04]} 36. Rxc1 {[%emt 0:00:34]} Rb8 {[%emt 0:00:19]} 37. fxg6 {[%emt 0:01:20]} hxg6 {[%emt 0:00:40]} 38. Nxg6 {[%emt 0:00:49]} Qxc1 {[%emt 0:04:14]} 39. Qxc1 {[%emt 0:00:55]} Rb1 {[%emt 0:00:10]} 40. Ne7+ {[%emt 0:00:00]} Kh8 {[%emt 0:00:22]} 0-1

[Event "World Team-ch Women 2017"]
[Site "Khanty-Mansyisk"]
[Date "2017.06.26"]
[Round "9"]
[White "Gorti, Akshita"]
[Black "Melia, Salome"]
[Result "0-1"]
[WhiteElo "2240"]
[BlackElo "2393"]
[Annotator "TA"]
[PlyCount "87"]
[EventDate "2017.??.??"]
[EventType "team-tourn"]
[EventCountry "RUS"]
[SourceTitle "playchess.com"]
[Source "ChessBase"]
[SourceQuality "1"]
[WhiteTeam "USA"]
[BlackTeam "GEO"]
[WhiteTeamCountry "USA"]
[BlackTeamCountry "GEO"]

{[%evp 22,87,0,0,3,-20,-10,-75,-60,-62,-83,-144,-148,-166,-38,-32,-34,-43,-44,-200,-156,-216,-229,-218,-190,-174,-183,-178,-174,-166,-158,-164,-152,-173,-157,-191,-189,-216,-190,-237,-218,-233,-241,-286,-274,-260,-256,-328,-297,-434,-431,-752,-749,-723,-722,-633,-623,-1335,-1311,-1355,-1272,-1147,-1130,-1812,-1771,-1222,-1389,-970]} 1. d4 Nf6 2. c4 e6 3. Nf3 c5 4. d5 d6 5. Nc3 exd5 6. cxd5 g6 7. Bf4 Bg7 8. h3 {A61: Modern Benoni: Nf3 without early e4} (8. Qa4+ Bd7 9. Qb3 b5 10. Bxd6 Qb6 11. Be5 O-O 12. e3 c4 13. Qd1 b4 14. Nb1 Rc8 15. Nbd2 Bb5 16. a4 bxa3 17. Rxa3 Bf8 18. Bd4 Qb7 19. Ra1 Nxd5 20. Be2 Nc6 {½-½ (59) Nakamura,H (2791)-Caruana,F (2807) Saint Louis 2016}) 8... O-O 9. e3 Na6 {[%cal Bb8a6,Ba6c7,Bc7d5,Bd5f4][%mdl 32]} 10. Be2 Nc7 11. a4 Re8 12. O-O {LiveBook: 8 Games} Ne4 13. Nxe4 (13. Rc1 {feels hotter.} Bf5 14. Qb3 b6 15. Rfd1 Rb8 16. Nb5) 13... Rxe4 14. Nd2 (14. Bg5 $11 Qf8 15. Nd2) 14... Rxf4 $1 $17 15. exf4 Nxd5 16. Ne4 $146 ({White should play} 16. Bc4 Nxf4 17. Qf3) 16... Nxf4 17. Qd2 {[#]} Qh4 (17... Bh6 $1 $19 18. Qd1 d5) 18. Bg4 $1 $15 Be5 19. Bxc8 $1 Rxc8 $40 {[%mdl 128] White needs to defend precisely.} 20. Ng3 $2 {[#]} (20. Rae1 $15) 20... Qg5 $1 $19 21. Qd1 (21. Qe3 $17) 21... Bxb2 22. Rb1 Bd4 23. Qf3 {[#]} Qxg3 $1 {[%mdl 512]} 24. Qxg3 Ne2+ 25. Kh2 Nxg3 26. Kxg3 {[%mdl 4096] Endgame KRR-KRB} Rc7 27. Kf3 d5 28. Rfe1 {intending Re8+.} Kf8 29. Ke2 Ke7 30. Kd3+ Kd7 31. f4 Bf6 32. g4 c4+ 33. Kd2 Kc6 34. g5 Be7 35. h4 (35. Kc3 $142) 35... a5 {Black is clearly winning.} 36. Rf1 (36. Re5 $142 Bd6 37. Re8) 36... Bb4+ 37. Kc2 d4 {[%cal Bd5d4,Bd4d3][%mdl 32]} 38. Rbd1 d3+ 39. Kb2 Re7 40. f5 Re2+ 41. Kb1 b5 42. axb5+ Kxb5 43. fxg6 fxg6 44. Rf7 {Precision: White = 26%, Black = 81%.} 0-1

[Event "World Team-ch Women 2017"]
[Site "Khanty-Mansyisk"]
[Date "2017.06.26"]
[Round "9"]
[White "Wafa, Shrook"]
[Black "Tan, Zhongyi"]
[Result "0-1"]
[WhiteElo "2141"]
[BlackElo "2517"]
[Annotator "TA"]
[PlyCount "106"]
[EventDate "2017.??.??"]
[EventType "team-tourn"]
[EventCountry "RUS"]
[SourceTitle "playchess.com"]
[Source "ChessBase"]
[SourceQuality "1"]
[WhiteTeam "EGY"]
[BlackTeam "CHN"]
[WhiteTeamCountry "EGY"]
[BlackTeamCountry "CHN"]

{[%evp 9,106,37,68,15,15,15,22,0,19,0,0,0,0,0,0,5,7,-127,-119,-123,-126,-143,-95,-162,-187,-159,-113,-114,-106,-107,-110,-108,-101,-108,-113,-103,-79,-79,-79,-82,-89,-80,-82,-88,-82,-77,-59,-78,-66,-71,-40,-83,-87,-94,-92,-114,-56,-77,-77,-71,-45,-56,-40,-58,-74,-81,-54,-118,-109,-113,-118,-85,-5,-23,8,7,10,10,12,-322,-331,-463,-432,-616,-611,-722,-705,-815,-819,-816,-806,-731,-594,-985,-751,-1868,-1851,-1560,-1478]} 1. e4 d6 2. d4 g6 3. Nc3 Bg7 4. Be3 a6 5. Be2 Nd7 {LiveBook: 14 Games} 6. Bf3 {B06: Modern Defence} (6. Nf3 $14) (6. Qd2 b5 7. d5 Bb7 8. a4 b4 9. Nd1 a5 10. Bd4 Ngf6 11. f3 e6 12. c4 bxc3 13. Nxc3 exd5 14. Nxd5 Bxd5 15. exd5 {1-0 (65) Damia,A (2293)-Abergel,T (2464) Lisbon 2017}) 6... Ngf6 $11 7. Nge2 e5 8. O-O $146 {The position is equal.} ({Predecessor:} 8. h3 O-O 9. Qd2 b5 10. a3 Nb6 11. b3 Bb7 12. d5 Nfd7 13. g4 {1-0 (33) Duggan,C (2036)-Pein,J (1770) Daventry 2013}) 8... O-O 9. Qd2 exd4 10. Nxd4 c5 11. Nb3 Ne5 12. Be2 b5 13. f4 (13. Rad1 $11) 13... Nc4 $17 14. Bxc4 bxc4 15. Nc1 Bb7 16. e5 (16. N1e2 $17) 16... Ng4 17. N1e2 Qh4 {[%csl Gg4][%cal Rh4h2] [#]} 18. h3 Nxe3 19. Qxe3 dxe5 20. Qxc5 Rad8 {White must now prevent ...exf4.} 21. Qc7 Ba8 22. Rad1 Rxd1 23. Rxd1 exf4 24. Qxf4 Qxf4 25. Nxf4 Rb8 26. Nfe2 Be5 27. b3 Kg7 28. Nd5 cxb3 29. axb3 Rb5 30. Ndf4 Be4 31. Nd3 Bf6 32. g4 Ra5 (32... Rb8 $17 33. Kf2 Rc8) 33. Kf2 $15 Ra2 34. c4 Bg5 35. Nc5 Bh4+ 36. Ke3 Bg2 37. Nc3 Rf2 {Hoping for ...Rf3+.} 38. N3e4 (38. N5e4 $1 $15 Rf3+ 39. Kd4) 38... Rf3+ $17 39. Kd4 Bxh3 40. g5 Bf5 (40... h6 $17 41. gxh6+ Kxh6) 41. Ra1 Bc8 42. b4 h6 43. gxh6+ Kxh6 44. Nxa6 $2 {[%mdl 8192] [#]} (44. b5 $11 {and White has nothing to worry.} axb5 45. Ra8) 44... f5 $1 $19 {[%cal Bf7f5,Bf5e4][%mdl 32]} 45. Rh1 Rf4 {Black is clearly winning.} ({Not} 45... fxe4 46. Rxh4+ Kg5 47. Rxe4 $15) 46. Nac5 (46. b5 $142 Kg7 47. c5) 46... fxe4 47. Ke3 g5 48. b5 Kg6 {Strongly threatening ...Bf2+.} 49. Rh2 Kf5 50. b6 Rf3+ 51. Ke2 Ke5 {...Ra3 is the strong threat.} 52. b7 Bxb7 $1 53. Nxb7 Rb3 {Precision: White = 40%, Black = 68%.} 0-1

[Event "World Team-ch Women 2017"]
[Site "Khanty-Mansyisk"]
[Date "2017.06.26"]
[Round "9"]
[White "Ehab, Tasneem"]
[Black "Guo, Qi"]
[Result "0-1"]
[WhiteElo "1750"]
[BlackElo "2417"]
[Annotator "TA"]
[PlyCount "78"]
[EventDate "2017.??.??"]
[EventType "team-tourn"]
[EventCountry "RUS"]
[SourceTitle "playchess.com"]
[Source "ChessBase"]
[SourceQuality "1"]
[WhiteTeam "EGY"]
[BlackTeam "CHN"]
[WhiteTeamCountry "EGY"]
[BlackTeamCountry "CHN"]

{[%evp 11,78,-6,-4,-21,-3,-8,-8,-14,-12,-53,-30,-55,-59,-102,-51,-54,-48,-72,-80,-125,-107,-163,-149,-182,-177,-193,-177,-175,-174,-180,-183,-231,-221,-262,-270,-402,-323,-475,-415,-417,-405,-418,-356,-356,-273,-514,-504,-794,-717,-1565,-852,-789,-845,-902,-785,-937,-918,-972,-872,-1053,-1090,-1096,-943,-1402,-1382,-29988,-29989,-29984,-1925]} 1. d4 d5 2. Nf3 Nf6 3. Bf4 c5 4. e3 Nc6 5. c3 Qb6 6. Qc1 Bf5 7. h3 {D02: 1 d4 d5 2 Nf3 sidelines, including 2...Nf6 3 g3 and 2...Nf6 3 Bf4} (7. Nbd2 e6 8. Be2 Rc8 9. dxc5 Bxc5 10. O-O O-O 11. Nb3 Be7 12. Nbd4 Bg6 13. Nxc6 bxc6 14. Ne5 Rfd8 15. c4 Ne4 16. Nxg6 hxg6 {0-1 (46) Golubov,S (2481)-Seliverstov,V (2455) Moscow 2016}) 7... h6 8. Nbd2 e6 9. a4 {The position is equal.} Rc8 10. Bb5 $146 ({Predecessor:} 10. Ne5 cxd4 11. Nxc6 dxc3 12. Qxc3 Rxc6 {½-½ (36) Basilio,O (1780)-Gauche,C (2283) Sao Bento do Sul 2014}) 10... a6 11. Bxc6+ bxc6 12. Ne5 a5 ({Better is} 12... cxd4 $17 {aiming for ...g5.} 13. exd4 c5) 13. O-O $15 Be7 14. Re1 O-O 15. Nf1 Rfd8 16. Bh2 (16. Qd2 $17 {was called for.}) 16... Bh7 17. Ng3 cxd4 18. exd4 c5 19. Qe3 cxd4 20. cxd4 Rc2 21. Rac1 Rdc8 ({Stronger than} 21... Rxb2 22. Nc6 $11) 22. Rxc2 Bxc2 ({But not} 22... Rxc2 23. b3 $19) 23. f4 (23. Rc1 $142) 23... Ne4 24. Rc1 (24. Nxe4 $142 Bxe4 25. Re2) 24... Nxg3 25. Bxg3 Qxb2 26. Bf2 Ba3 27. Re1 Be4 (27... Bxa4 $2 {[#]} 28. Nxf7 $1 {[%mdl 512]} Bd7 29. f5 $17) 28. Qg3 $2 (28. Nd3 Qa2 29. Nc5) 28... Bb4 $19 {[%cal Ba3b4,Bb4d2,Bd2f4][%mdl 32]} 29. Re3 (29. Rd1 $142) 29... Bd2 30. Re2 Qc1+ 31. Be1 Bxf4 32. Qb3 Qa1 33. Qb7 Qxd4+ 34. Kf1 Rf8 35. Nc6 Qxa4 36. Ne7+ Kh7 37. Kg1 Bd3 {[#] And now ...Rb8 would win.} 38. Rb2 Qd1 {[%cal Rd1e1]} 39. Kf2 Be5 {Precision: White = 19%, Black = 70%.} (39... d4 $142 40. h4 Be3+ 41. Kg3 Qxe1+ 42. Kh3 Qh1+ 43. Kg4 g5 44. hxg5 hxg5 45. g3 Qd1+ 46. Qf3 f5+ 47. Kh3 Qxf3 48. Nxf5 Bxf5+ 49. Kh2 Qh5+ 50. Kg2 Be4#) 0-1